The rise and fall of the great powers : (Record no. 96040)

MARC details
000 -LEADER
fixed length control field 00809nam a2200253 a 4500
008 - FIXED-LENGTH DATA ELEMENTS--GENERAL INFORMATION
fixed length control field
020 ## - INTERNATIONAL STANDARD BOOK NUMBER
International Standard Book Number 0006860524 (pbk)
049 ## - LOCAL HOLDINGS (OCLC)
Holding library MAIN
090 ## - LOCALLY ASSIGNED LC-TYPE CALL NUMBER (OCLC); LOCAL CALL NUMBER (RLIN)
Classification number (OCLC) (R) ; Classification number, CALL (RLIN) (NR) D210
Local cutter number (OCLC) ; Book number/undivided call number, CALL (RLIN) KEN
003 - CONTROL NUMBER IDENTIFIER
control field
005 - DATE AND TIME OF LATEST TRANSACTION
control field 20230120133823.0
040 ## - CATALOGING SOURCE
Transcribing agency NUST
100 1# - MAIN ENTRY--PERSONAL NAME
Personal name Kennedy, Paul M.
245 14 - TITLE STATEMENT
Title The rise and fall of the great powers :
Remainder of title economic change and military conflict from 1500-2000 /
Statement of responsibility, etc. Paul Kennedy.
260 ## - PUBLICATION, DISTRIBUTION, ETC.
Place of publication, distribution, etc. London :
Name of publisher, distributor, etc. Fontana,
Date of publication, distribution, etc. 1989.
300 ## - PHYSICAL DESCRIPTION
Extent xxviii, 898 p. :
Other physical details maps ;
Dimensions 20 cm.
500 ## - GENERAL NOTE
General note Originally published: London : Unwin Hyman, 1988.
504 ## - BIBLIOGRAPHY, ETC. NOTE
Bibliography, etc. note Includes bibliographical references.
500 ## - GENERAL NOTE
General note Includes index.
650 #0 - SUBJECT ADDED ENTRY--TOPICAL TERM
Topical term or geographic name entry element War
General subdivision History.
650 #0 - SUBJECT ADDED ENTRY--TOPICAL TERM
Topical term or geographic name entry element Military history, Modern.
907 ## - LOCAL DATA ELEMENT G, LDG (RLIN)
a .b10073607
b 16-04-12
c 17-04-03
942 ## - ADDED ENTRY ELEMENTS (KOHA)
Koha item type Ordinary Loan Books
Call number prefix D210
Call number suffix KEN
Holdings
Date last seen Total Checkouts Full call number Barcode Cost, replacement price Price effective from Koha item type Lost status Source of classification or shelving scheme Damaged status Not for loan Collection Withdrawn status Home library Current library Shelving location Date acquired Cost, normal purchase price
01/20/2023 1 D210 KEN 92003000178 80.00 01/20/2023 BOOKS   LCC     NFIC   GSB GSB GEN 01/20/2023 80.00